Prehľad noviel zákona o dani z príjmov v roku 2023

V priebehu roka 2023 boli vykonané zmeny zákona č. 595/2003 Z. z. o dani z príjmov v z. n. p., ktoré nadväzujú na úpravy iných právnych predpisov alebo boli predložené z iniciatívy poslancov NR SR. Úprava daňových výdavkoch pre vybrané predškolské zariadenia, úprava ustanovení týkajúcich sa daňového...

Ausführliche Beschreibung

Gespeichert in:
Bibliographische Detailangaben
1. Verfasser: Brnová, Miroslava
Format: Buchkapitel
Sprache:Slowakisch
Schlagworte:
Tags: Tag hinzufügen
Keine Tags, Fügen Sie das erste Tag hinzu!

MARC

LEADER 00000naa a2200000 4500
001 0299331
005 20240426101259.9
041 0 |a slo 
044 |a SK 
245 1 0 |a Prehľad noviel zákona o dani z príjmov v roku 2023  |c Miroslava Brnová 
520 |a V priebehu roka 2023 boli vykonané zmeny zákona č. 595/2003 Z. z. o dani z príjmov v z. n. p., ktoré nadväzujú na úpravy iných právnych predpisov alebo boli predložené z iniciatívy poslancov NR SR. Úprava daňových výdavkoch pre vybrané predškolské zariadenia, úprava ustanovení týkajúcich sa daňového bonusu, úprava ustanovení týkajúcich sa regionálnej investičnej pomoci, podpora splácania hypoték podľa zákona č. 508/2023 Z. z., zmeny nadväzujúce na reformu stavebnej legislatívy, atď. 
610 2 0 |a dane z príjmov 
610 2 0 |a úpravy právne 
610 2 0 |a predpisy právne 
610 2 0 |a výdavky daňové 
610 2 0 |a bonus daňový 
610 2 0 |a zákony 
610 2 0 |a novelizácia 
100 1 |a Brnová, Miroslava